| 000 | 01106cam a2200313 i 4500 | ||
|---|---|---|---|
| 999 |
_c200441624 _d59836 |
||
| 003 | TR-AnTOB | ||
| 005 | 20221205152159.0 | ||
| 007 | ta | ||
| 008 | 731001s1966 fr a 000 0 eng | ||
| 010 | _a67096919 | ||
| 015 | _aB66-23651 | ||
| 040 |
_aDLC _beng _erda _cDLC _dUKM _dEEM _dUtOrBLW _dTR-AnTOB |
||
| 041 | 0 | _aeng | |
| 050 | 0 | 4 |
_aHD9450.4 _b.O74 1966 |
| 070 | 0 | _aHD9450.4.O7 | |
| 086 |
_aOECD _aP975ef |
||
| 090 |
_aHD9450.4 _b.O74 1966 |
||
| 110 | 2 |
_aOrganisation for Economic Co-operation and Development. _bCommittee for Fisheries _9139423 |
|
| 245 | 1 | 0 |
_aPrice systems at the landing stage in fishing industries of O.E.C.D. member countries : _badopted by the Committee for Fisheries and approved by the Council at its meeting on 10th May, 1966. |
| 264 | 1 |
_aParis : _bO.E.C.D.; _aLondon ; _bH.M.S.O, _c1966. |
|
| 300 |
_a230 pages : _btables ; _c24 cm |
||
| 336 |
_atext _btxt _2rdacontent |
||
| 337 |
_aunmediated _bn _2rdamedia |
||
| 338 |
_avolume _bnc _2rdacarrier |
||
| 650 | 0 |
_aFishery products _xPrices _9131059 |
|
| 942 |
_2lcc _cBK |
||